Online Catalogue and eLibrary

On Liberty (Record no. 2988)

MARC details
000 -LEADER
fixed length control field 00388nam a2200169Ia 4500
005 - DATE AND TIME OF LATEST TRANSACTION
control field 20241106032025.0
008 - FIXED-LENGTH DATA ELEMENTS--GENERAL INFORMATION
fixed length control field 240331s9999 xx 000 0 und d
020 ## - INTERNATIONAL STANDARD BOOK NUMBER
ISBN 9748574709
082 ## - DDC Classification
Item Number - Author Mark DIA
Class No. 823
100 ## - MAIN ENTRY--PERSONAL NAME
Personal name Dias,E
245 #0 - TITLE STATEMENT
Title On Liberty
260 ## - PUBLICATION, DISTRIBUTION, ETC.
Place of publication, distribution, etc. Thailand
Name of publisher, distributor, etc. Mahamakut Rajavidyalaya Press
Date of publication, distribution, etc. 1991
300 ## - PHYSICAL DESCRIPTION
Extent (e.g. Volumes, Pages etc.) 96 p .,
650 ## - SUBJECT ADDED ENTRY--TOPICAL TERM
Topical term or geographic name entry element Buddhism
650 ## - SUBJECT ADDED ENTRY--TOPICAL TERM
Topical term or geographic name entry element Poems
942 ## - Koha item type (Biblio)
Koha item type Books in Stacks (Lending)
Holdings
Lost status Damaged status Collection code Home library Current library Shelving location Date acquired Full call number Accession Number Item type
    Lending WERC Library WERC Library Social Science Cupboard 03/31/2024 823 DIA 1638 Books in Stacks (Lending)

© WERC Library